000 01401cam a22003617a 4500
003 CHAP
005 20220329142029.0
008 990319d1998 mx r 00110 spa d
010 _a77311
011 _a78283
035 _a88171
040 _cCHAP
090 _aTesis
100 0 0 _aHernández Tinoco, Antonio.
_954663
245 1 0 _aEfecto de cinco niveles de infestación del pulgón ruso Diuraphis noxia Mordvilko (Homoptera : Aphididae) en el cultivo de cebada Hordeum vulgare L. variedad esperanza en invernadero
_c/por Antonio Hernández Tinoco
260 _aChapingo, Méx. :
_bEl autor,
_c1998.
300 _a43 h. :
_bcuadros
502 _aTesis (Ing. Agr. Esp. en Parasitología Agrícola) -- UACH. Departamento de Parasitología Agrícola
590 _aALEPH
_b10
_c20130110
_lUCH01
_h1428
590 _aBATCH-UPD
_b10
_c20130110
_lUCH01
_h0550
590 _aBATCH-UPD
_b10
_c20130410
_lUCH01
_h0231
590 _aBATCH-UPD
_b10
_c20130914
_lUCH01
_h0904
590 _aCONVERSION
_b10
_c20130109
_lUCH01
_h1343
650 1 4 _aCebada
_xPlagas.
_920703
650 1 4 _aCultivos en invernadero.
_930376
650 1 4 _aDiuraphis noxia.
_933006
901 _aBK
905 _aMayto Villalobos S.
942 _cFOLL
949 _bBC
_cTES
_d33724000710661
_eTS2
_fc.2
_h33577
_i88171
_sb
949 _bBC
_cTES
_d33724000760203
_eTS2
_fc.3
_h35634
_i88171
_sb
949 _bBC
_cTES
_d881711
_eTS1
_h33576
_i88171
_sb
999 _c77311
_d77311